Szöveggyűjtemény a régi magyar irodalomból (a kezdetektől a barokkig) /
Uložené v:
| Hlavný autor: | |
|---|---|
| Médium: | Kniha |
| Jazyk: | Hungarian |
| Vydané: |
Nitra :
Pedagogická fakulta,
1991.
|
| Vydanie: | [1. vyd.] |
| Témy: | |
| ISBN: |
808518365X (brož.) |
| Fyzický popis: |
414 s. |
| Tagy: |
Pridať tag
Žiadne tagy, Buďte prvý kto otaguje tento záznam!
|
Titul je dostupný aj v ... 

MARC
| LEADER | 00000nam a2200000 a 4500 | ||
|---|---|---|---|
| 001 | 000002113 | ||
| 005 | 20211115154203.0 | ||
| 008 | 040514s1991 xo e 000 0 huno | ||
| 020 | |a 808518365X (brož.) | ||
| 040 | |a SVKKK |b slo |c SVKKK |e AACR2 | ||
| 041 | 0 | |a hun | |
| 044 | |a xo |c SK | ||
| 100 | 1 | |a Alabán, Ferenc |4 aut | |
| 245 | 1 | 0 | |a Szöveggyűjtemény a régi magyar irodalomból (a kezdetektől a barokkig) / |c Ferenc Alabán. |
| 250 | |a [1. vyd.] | ||
| 260 | |a Nitra : |b Pedagogická fakulta, |c 1991. | ||
| 300 | |a 414 s. | ||
| 655 | 7 | |a učebnice vysokých škôl |2 SVKKKPH | |
| 919 | |a 80-85183-65-X | ||
| 998 | |a BK | ||
| 090 | |g SCKHL |k Sklad Pribinova 3. posch. |a V.182364 |j 849511 |i 2720962724 |s Povinný výt. | ||